The Simpsons episodes - Sudden Death - Statistics

General Stats
  • This quiz has been taken 125 times
  • The average score is 4 of 8
Answers on the Grid
Answers color-coded by a green-red scale on the quiz's grid according to % correct below.
Last Exit to Springfield
Kamp Krustiest
Bart's Theory
Kamp Krusty
And Lisa Makes Three
Rosebud
Camp Feare
The Springfield Elementary Squad
It's a Mad, Mad, Mad, Mad Marge
Homer Simpson Is Watching You
Duffless
Hit & Run
Whacking Day
Dog Days
The Joy of Sect
Homer vs. George H. W. Bush
 
Answer Stats
Answer % Correct
Last Exit to Springfield
77%
Kamp Krusty
71%
Whacking Day
54%
Rosebud
51%
It's a Mad, Mad, Mad, Mad Marge
50%
Duffless
44%
The Joy of Sect
39%
Camp Feare
24%
No matching quizzes found
Score Distribution
Percent of People with Each Score
Percentile by Number Answered
Your Score History
You have not taken this quiz